Life cycle assessment (LCA) : a guide to approaches, experiences and information sources /
Saved in:
| Corporate Author: | |
|---|---|
| Other Authors: | |
| Format: | Book |
| Language: | English |
| Published: |
Copenhagen, Denmark : Luxembourg : Lanham, MD :
European Environment Agency ; Office for Official Publications of the European Communities ; Bernan Associates [distributor],
1998.
|
| Series: | Environmental issues series (Copenhagen, Denmark) ;
no. 6. |
| Subjects: | |
| Tags: |
Add Tag
No Tags, Be the first to tag this record!
|
| LEADER | 01621nam a2200349 a 4500 | ||
|---|---|---|---|
| 001 | 007799704-2 | ||
| 005 | 20020606104010.5 | ||
| 008 | 980915s1998 dk a b i000 0 eng d | ||
| 010 | |a 98196586 | ||
| 020 | |a 9291670790 | ||
| 035 | 0 | |a ocm39053821 | |
| 040 | |a WCL |c WCL |d CUS |d DLC | ||
| 042 | |a lccopycat | ||
| 043 | |a e------ | ||
| 050 | 0 | 0 | |a HF5415.155 |b .L54 1998 |
| 245 | 0 | 0 | |a Life cycle assessment (LCA) : |b a guide to approaches, experiences and information sources / |c authors, Allan Astrup Jensen ... [et al.]. |
| 260 | |a Copenhagen, Denmark : |b European Environment Agency ; |a Luxembourg : |b Office for Official Publications of the European Communities ; |a Lanham, MD : |b Bernan Associates [distributor], |c 1998. | ||
| 300 | |a 119 : |b ill. ; |c 30 cm. | ||
| 490 | 1 | |a Environmental issues series ; |v no. 6 | |
| 500 | |a "August 1997." | ||
| 500 | |a "GH-07-97-595-EN-C"--P. [4] of cover. | ||
| 504 | |a Includes bibliographical references. | ||
| 650 | 0 | |a Product life cycle |z European Union countries. | |
| 650 | 0 | |a Green products |z European Union countries. | |
| 650 | 0 | |a Environmental policy |z European Union countries. | |
| 650 | 0 | |a Eco-labeling |z European Union countries. | |
| 700 | 1 | |a Jensen, Allan A. | |
| 710 | 2 | |a European Environment Agency. | |
| 776 | 0 | 8 | |i Online version: |t Life cycle assessment (LCA) |d Copenhagen, Denmark : European Environment Agency ; Luxembourg : Office for Official Publications of the European Communities ; Lanham, MD : Bernan Associates [distributor], 1998 |w (OCoLC)880333099 |
| 830 | 0 | |a Environmental issues series (Copenhagen, Denmark) ; |v no. 6. | |
| 988 | |a 20020608 | ||
| 906 | |0 OCLC | ||


